Američania vedia riadiť efektívnejšie

Porovnanie amerických a európskych manažérov ľudských zdrojov. Američania riadia efektívnejšie. Pre európske firmy sú typické nízka flexibilita, málo odvahy a horšie výsledky. Anglosaský a kontinentálny typ európskeho manažmentu. Využívanie outsourcingu. Poradcovia pre ľudské zdroje - ich financovan...

Ausführliche Beschreibung

Gespeichert in:
Bibliographische Detailangaben
1. Verfasser: Múčka, František
Format: Buchkapitel
Sprache:Slowakisch
Schlagworte:
Tags: Tag hinzufügen
Keine Tags, Fügen Sie das erste Tag hinzu!

MARC

LEADER 00000naa$a2200000$$$4500
001 0031138
005 20231009081604.3
041 0 |a slo 
044 |a SK 
245 1 0 |a Američania vedia riadiť efektívnejšie  |c František Múčka 
520 |a Porovnanie amerických a európskych manažérov ľudských zdrojov. Američania riadia efektívnejšie. Pre európske firmy sú typické nízka flexibilita, málo odvahy a horšie výsledky. Anglosaský a kontinentálny typ európskeho manažmentu. Využívanie outsourcingu. Poradcovia pre ľudské zdroje - ich financovanie. 
610 2 0 |a manažment personálny 
610 2 0 |a USA 
610 2 0 |a Európa 
610 2 0 |a firmy 
610 2 0 |a efektívnosť 
610 2 0 |a outsourcing 
610 2 0 |a poradenstvo personálne 
610 2 0 |a poradcovia 
100 1 |a Múčka, František